|
|
|
|
| LEADER |
00000nab a2200000 a 4500 |
| 001 |
vtls000730142 |
| 003 |
SK-MaSNL |
| 005 |
20260304173944.0 |
| 008 |
250429c2000 xo 0 slo |
| 015 |
|
|
|a SNBRB2000/09-23305
|
| 035 |
|
|
|a CLN000082275
|
| 035 |
|
|
|a urn:nbn:sk:snk-ab76us
|
| 035 |
|
|
|a (uuid)e9a848c6-ead5-4c37-a883-ecb2a3345eca
|
| 035 |
|
|
|a (urnnbn)urn:nbn:sk:snk:ar-a072eu
|
| 035 |
|
|
|a (sysno)vtls000730142
|
| 040 |
|
|
|a SNKBUCL
|b slo
|c SNKBUCL
|e AACR2
|
| 041 |
0 |
|
|a slo
|
| 044 |
|
|
|a xo
|c SK
|
| 080 |
|
|
|a 336.215.026.25
|2 1997
|
| 100 |
1 |
|
|a Vladárová, Marta
|4 aut
|9 8043
|
| 245 |
1 |
0 |
|a Náklady na reklamu a tzv. ostatnú reklamu, propagáciu a reprezentáciu z pohľadu daní
|c Marta Vladárová
|
| 650 |
0 |
7 |
|a dane z príjmov
|x výdavky daňovouznateľné
|x náklady na reklamu
|x zahrnutie
|2 snkbucl
|9 849615
|
| 650 |
0 |
7 |
|a reklama a propagácia
|2 snkbucl
|9 66573
|
| 650 |
0 |
7 |
|a výdavky
|2 snkbucl
|9 13905
|
| 655 |
|
7 |
|a články z novín a časopisov
|2 snkbucl
|9 267496
|
| 773 |
0 |
|
|t Mzdy a financie
|g Roč. 7, č. 13 (2000), s. 24-27
|x 1335-4329
|
| 850 |
|
|
|a Slovenská národná knižnica
|
| 852 |
|
|
|a Slovenská národná knižnica
|
| 954 |
|
|
|a odborná, vedecká literatúra pôvodná (slovenská)
|2 lita
|
| 958 |
|
|
|a article27
|
| 958 |
|
|
|a SK
|
| 958 |
|
|
|a OND
|
| 958 |
|
|
|a EUIPO
|
| 999 |
|
|
|c 3006451
|d 3008381
|